01036nam a2200289 450000100060000000300080000600500170001400800410003103500190007204000260009104100080011708200160012508200260014110000250016724500840019225000110027626000460028730000290033350000360036250000800039850400190047865100260049771000530052394200120057699900170058895201410060527295BD-RJUL20211209051133.0140324s1961 uk 001 0 eng d a(BD-RJUL)27367 aBD-RjULbengcBD-RjUL aeng a959.105218 a959.105218bTIU 19611 aTinker, Hugh.97968814aThe Union of Burma :ba study of the first years of independence /cHugh Tinker a3th ed aOxford University Press :bLondon :c1961 a423 p. :b ill. ;c23 cm aPrevious ed. 1961 ; 1st ed 1957 a"Issued under the auspices of the Royal Institute of International Affairs" aIncludes index 0aBurmaxHistory9837842 aRoyal Institute of International Affairs.983799 2ddccBK c27295d27295 00102ddc40728NFICaRUCLbRUCLcReadingd1965-01-08eZeitlingerg42.00l0o959.105 TIU 1961r2014-03-24 00:00:00tC-1w2014-03-24yBK